| 000 | 00649nam a2200217 a 4500 | ||
|---|---|---|---|
| 001 | 2710 | ||
| 003 | CDMR | ||
| 005 | 20131018180001.0 | ||
| 008 | 130613s1994 sp ||||| |||| 00| 0 cat d | ||
| 020 | _a8486685192 | ||
| 040 |
_aCDMR _bcat _cCDMR |
||
| 100 | 1 |
_93779 _aCalls i Xart, Albert |
|
| 245 | 1 | 0 |
_aCom es fa una revista _b: les publicacions directes _cAlbert Calls i Xart |
| 260 |
_aBarcelona _bSírius _c1994 |
||
| 300 |
_a107 p. _bil. b/n |
||
| 490 | 0 |
_aLlengua i comunicació (Sírius) _v2 |
|
| 650 | 0 | 4 |
_93547 _aAutoedició |
| 650 | 0 | 4 |
_93548 _aFanzines |
| 650 | 0 | 4 |
_93665 _aEmpreses periodístiques _xDirecció i administració |
| 942 |
_cMON _2udc |
||
| 999 |
_c2710 _d2710 |
||